| 000 | 01512cam a2200337 i 4500 | ||
|---|---|---|---|
| 001 | 768714001 | ||
| 003 | CO-MdFUSB | ||
| 005 | 20230315144053.0 | ||
| 007 | ta | ||
| 008 | 981130t19991999miu b 001 0 eng | ||
| 020 | _a0802842925 | ||
| 040 |
_aDLC _cCO-MdFUSB _dC#P _dUtOrBLW _bspa _erda |
||
| 041 | _aeng | ||
| 082 |
_223 _a223.806 _bF793 |
||
| 100 | 1 |
_aFox, Michael V., _d1940- _eautor |
|
| 245 | 1 | 2 |
_aA time to tear down and a time to build up : _ba rereading of Ecclesiastes / _cMichael V. Fox. |
| 246 | 1 | 4 | _aTime to tear down & a time to build up. |
| 264 | 1 |
_aGrand Rapids, MI : _bEerdmans, _c[1999] |
|
| 264 | 4 | _c©1999. | |
| 300 |
_a422 páginas ; _c24 cm. |
||
| 336 |
_atexto _btxt _2rdacontent. |
||
| 337 |
_asin mediación _bn _2rdamedia. |
||
| 338 |
_avolumen _bnc _2rdacarrier. |
||
| 504 | _aIncluye referencias bibliográficas (páginas 379-406) e índices. | ||
| 505 | _aAl leer contradicciones -- Hebel y [Reeut] Ruaḥ -- Justicia -- ¿Qué es la sabiduría? -- ¿Es la sabiduría tonta? -- Acción y acontecimiento -- Las mejores cosas de la vida -- Trabajo y placer -- El fin del asunto -- Comentario: introducción: Excursus I: el tiempo en el "catálogo de los tiempos" de Qohelet -- Comentario -- Excursus II: cómo fin del mundo: envejecimiento y muerte enQohelet 12 -- Excursus III: las voces en el libro de Quhelet. | ||
| 563 | _aRústico | ||
| 630 | 7 |
_aBiblia. _pEclesiastes _xCrítica, interpretación, etc. |
|
| 942 | _cBK | ||
| 945 | _aJTF-925 | ||
| 999 |
_c67584 _d67584 |
||